MDQL
is popping MORE tags! Check the
thread
!
Quizzes
Events
Quiz Creation
Community
Videos
Private Events
Remove Ads
Sign In
Join for FREE
Feedback
Dark Mode
Quiz Categories
Sports
Geography
Music
Movies
Television
Just For Fun
Miscellaneous
History
Literature
Language
Science
Gaming
Entertainment
Religion
Holiday
For Kids
Quiz Lab
Recent
Popular Today
Quiz Kudos Today
Editor Picks
Curator Picks
Quizzes by...
Day
Popularity
Type
Ratings
Length
Year
Community
Subscriptions
Recent Discussions
Orange Saloon
Badges
Playlists
Quests
Create
Leaderboards
Showdown
Live 5
Trivia Bingo
Activity
Puzzle Library
Sporcle Events
Private Events
Virtual Trivia
Globe League
Become a Host
Pub Owners
SporcleCon
Opinionation
Our Games
Videos
Blog
Mobile Apps
Partnerships
Remove Ads and Go Orange
Feedback
Music
Pop Music
The Beatles
Song
Album
Lyrics
Bands
Singers
Artist
Clip
Rock
Rap
Classical
Billboard
Country Music
Kpop
Taylor Swift
Music
Pop Music
The Beatles
Song
Album
Lyrics
Bands
Singers
Artist
Clip
Rock
Rap
Classical
Billboard
Country Music
Kpop
Taylor Swift
Random Quiz
Search Sporcle
×
Quiz Lab
Quiz Lab
Music
Figure Out the Lyrics
Type in answers that appear in a list
Type in answers that appear in a list
Classic
Best Score? Go Orange.
'Let It Ride' Lyrics Stats
Can you name lyrics to BTO's song 'Let It Ride'?
By
Elayne
10m
176 Questions
25 Plays
25 Plays
25 Plays
Comments
Comments
Give Quiz Kudos
Give Quiz Kudos
-
- Ratings
hide this ad
Replay
Link that replays current quiz
Next Quiz
Link to next quiz in quiz playlist
You Got
0%
They Got
Avg Score
82%
Avg Friend Score
Upgrade to see
Score Distribution
Jump to the score distribution portion of the page
Score
0/176
Timer
10:00
0
Plays Today
% Correct
I
100%
let
100%
it
100%
ride (2x)
100%
I
100%
let
100%
it
100%
ride
100%
let
100%
it
100%
ride
100%
I
100%
I
100%
let
100%
it
100%
ride (2x)
100%
I
100%
let
100%
it
100%
ride
100%
let
100%
it
100%
ride
100%
let
100%
it
100%
ride
100%
let
100%
it
100%
ride (3x)
100%
let
100%
it
100%
ride
100%
let
100%
it
100%
ride (9x)
100%
let
100%
it
100%
ride (4x)
100%
ride (2x)
100%
it
100%
let
100%
I
100%
I
100%
ride (2x)
100%
it
100%
let
100%
I
100%
I
100%
you
96%
You
96%
the
96%
the
96%
the
96%
you
96%
if
96%
you
96%
you
96%
you
96%
you
96%
% Correct
you
96%
the
96%
you
96%
you
96%
you
96%
you
96%
you
96%
you
96%
if
96%
you
96%
you
96%
you
96%
you
96%
if
96%
you
96%
But
88%
And
88%
And
88%
And
88%
And
88%
And
88%
And
88%
And
88%
can't
84%
see
84%
can
84%
see
84%
Try, try, try
84%
to
84%
Try, try, try
84%
to
84%
that
84%
see
84%
Try, try, try
84%
to
84%
Try, try, try
84%
to
84%
Try, try, try
84%
to
84%
Try, try, try
84%
to
84%
that
84%
that
84%
cry
80%
Would
80%
mornin'
80%
would
80%
cry
80%
told
80%
would
80%
would
80%
not
80%
just
80%
not
80%
Would
80%
Would
80%
Would
80%
would
80%
would
80%
% Correct
told
80%
would
80%
cry
80%
would
80%
would
80%
told
80%
cry
80%
would
80%
Goodbye
76%
lied
76%
light
76%
lied
76%
say
76%
goodbye
76%
my
76%
my
76%
goodbye
76%
say
76%
lied
76%
goodbye
76%
say
76%
lied
76%
style
72%
been
68%
I've
68%
been
68%
that's
68%
I've
68%
been
68%
been
68%
Don't
64%
night
64%
or
64%
Baby
64%
forgivin'
64%
or
64%
or
64%
kind
60%
you've
56%
waitin'
56%
half
56%
never
56%
smile
56%
You've
56%
time
56%
is
52%
want
48%
out
44%
(Yeah, yeah)
44%
life
40%
doin'
36%
While
32%
runnin'
32%
complete
32%
things
28%
worthwhile
28%
bookin'
28%
Seems
20%
Quiz Playlist
Details
Report
Send in Message
Add To Playlist
Classic:
Type in answers that appear in a list
Quiz Source
Last Updated: Oct 4, 2019
Quiz Scoreboard
CHALLENGE
Sign Up to Join the Scoreboard
Show All
Scores
Hide
Comments
May contain spoilers
Recently Published
5x2 Blitz: Bands
by SL_Kpop136
Music
30s
Colored Red Africa Blitz
by spor1
Geography
30s
Find the 'City' Movie
by crazypaving
Movies
60s
More to Explore
Quiz From the Vault
Featured Blog Post
14 Easter Pick-up Lines to Find Eggs With
hide this ad
You Might Also Like...
Tags
Figure Out the Lyrics
Today's Top Quizzes in Music
Browse Music
hide this ad
Today's Top Quizzes in Figure Out the Lyrics
Browse Figure Out the Lyrics
Top Contributed Quizzes in Music
1
5X2 Blitz: Bands II
2
5X2 Blitz: The Beatles
3
Taylor Swift All Songs (2024)
4
5X2 Blitz: Billboard
5
Taylor Swift Logic Puzzle II
6
5X2 Blitz: Billboard II
7
5X2 Blitz: Singers
8
5X2 Blitz: Album
9
5X2 Blitz: Rock
10
5X2 Blitz: Lyrics
Explore More
Trending Topics
Crossword
Marvel
NBA
Anime
Disney
Harry Potter
Kpop
Pokémon
Song
The Office
Puzzle
Country
Soccer
NFL
WWE
hide this ad
More By:
Elayne
Quiz
Plays
Rating
Category
Featured
Created
'Let It Ride' Lyrics
25
5.00
Music
Oct 4, 2019
Go to Creator's Profile
Score Distribution
Quiz Creator Spotlight
Elayne
Follow
Send a Message
Quizzes Created
-
Created Quiz Play Count
-
More By This Creator
Popular Quizzes Today
1
Colored Red Africa Blitz
2
Find the US States - No Outlines Minefield
3
Find the 'City' Movie
4
5x2 Blitz: Bands
5
The Countries of the World
6
Find the US States
7
US States
8
Find the Countries of Europe - No Outlines Minefield
More Music Quizzes
Repeated Lyrics 2 (Clips)
Quiz Lab
Trending Quizzes
Colored Red Europe Blitz I
Colored Red Europe Blitz II
Colored Red Africa Blitz II
Colored Red Europe Blitz III
Colored Red Africa Blitz III
Recently Updated
How Do You Spell That?
pecheneg
Godzilla Movies
pecheneg
Grab Bag: 4-10 Letters
pecheneg
2024 March Madness Bracket
pecheneg
Famous TV Couples
Peacemaker
Champions League XIs: Real Madrid
pecheneg
Largest US Cities 1790-2010
pecheneg
Rides in Walt Disney World
pecheneg
Most Oscar Losses (Acting)
pecheneg
Beyoncé Albums
pecheneg
Trending Topics
Disney
NBA
Kpop
Crossword
Anime
Harry Potter
Marvel
NFL
Song
Puzzle
WWE
Country
The Office
Soccer
Pokémon
Your Account Isn't Verified!
In order to create a playlist on Sporcle, you need to verify the email address you used during registration. Go to your
Sporcle Settings
to finish the process.
Report this User
Report this user for behavior that violates our
Community Guidelines
.
Details:
Send Report
Go to the Sporcle.com Mobile Site →
Comments